| 000 | 00919nam a2200277 a 4500 | ||
|---|---|---|---|
| 003 | DO-SdBNP | ||
| 005 | 20211125135100.0 | ||
| 007 | ta | ||
| 008 | 090717s2018 pr 001 0 spa d | ||
| 020 | _a9789945608229 | ||
| 040 |
_aDO-SdBNP _bspa _cBNPHU |
||
| 082 | 4 |
_aPR864.44 _bL864Ll 2018 _222 |
|
| 100 | 1 |
_aLópez-Baralt, Mercedes _912262 |
|
| 245 | 1 | 0 |
_aLlévame alguna vez por entre flores : _b(con nuevos ensayos) / _cMercedes López-Baralt. |
| 250 | _a2da. ed. revisada y ampliada | ||
| 260 |
_aSan Juan, Puerto Rico : _bIsla Negra, _c2018. |
||
| 300 |
_a285 p. ; _c23 cm. |
||
| 490 | _aVisiones y Cegueras | ||
| 500 | _aIncluye datos biográficos de la autora en la solapa de la cubierta. | ||
| 590 | _aInventariado, 2021 /LP | ||
| 650 | 4 |
_aEnsayos puertorriqueños _98892 |
|
| 650 | 4 |
_aLiteratura puertorriqueña _9250 |
|
| 830 | 0 |
_aVisiones y Cegueras _91120 |
|
| 910 | _aLopérez | ||
| 942 |
_2ddc _cLBS1 |
||
| 999 |
_c51046 _d51046 |
||